Restless in the city: (Record no. 181580)

MARC details
000 -LEADER
fixed length control field 00569nam a22001817a 4500
005 - DATE AND TIME OF LATEST TRANSACTION
control field 20210924111122.0
010 ## - LCCN (DPL NO)
LC control number ENG-129963
020 ## - INTERNATIONAL STANDARD BOOK NUMBER
Terms of availability 1095.00
International Standard Book Number 9789353887247
035 ## - SYSTEM CONTROL NUMBER
System control number EN-113495
037 ## - SOURCE OF ACQUISITION
Source of stock number/acquisition DBAD/PUB
082 ## - DEWEY DECIMAL CLASSIFICATION NUMBER
Classification number 305.2350954
100 ## - MAIN ENTRY--PERSONAL NAME
Personal name Nirantar
245 ## - TITLE STATEMENT
Title Restless in the city:
Statement of responsibility, etc by Nirantar
Remainder of title Conversations with young people in resettlement colonies/
260 ## - PUBLICATION, DISTRIBUTION, ETC. (IMPRINT)
Name of publisher, distributor, etc Sage
Date of publication, distribution, etc 2021
270 ## - ADDRESS
City New Delhi
Address BI/1-1 Mohan Cooperative Industrial Area
Postal code 110044
300 ## - PHYSICAL DESCRIPTION
Extent xx,177p.
Dimensions 25cm (hbk)
942 ## - ADDED ENTRY ELEMENTS (KOHA)
Source of classification or shelving scheme Dewey Decimal Classification
Item type English Books
Call number suffix NIR
Classification part 305.2350954
Holdings
Withdrawn status Lost status Not for loan Collection code Home library Current library Date acquired Source of acquisition Cost, normal purchase price Full call number Barcode Copy number Cost, replacement price Koha item type
      Non-fiction Bawana Bawana 24/09/2021 DBAD/PUB 1095.00 305.2350954 NIR EN-113495 1 1095.00 English Books

© Delhi Public Library
Hit Counter
free hit counter